[Event "Oberliga Nord N 2122"]
[Site "Germany"]
[Date "2022.04.03"]
[Round "8.8"]
[White "Kunze, Kerstin"]
[Black "Raider, Eugen"]
[Result "1/2-1/2"]
[WhiteElo "2056"]
[BlackElo "2024"]
[PlyCount "53"]
[EventDate "2021.10.31"]
[EventType "team-tourn"]
[EventRounds "9"]
[EventCountry "GER"]
[SourceTitle "EXT 2023"]
[Source "ChessBase"]
[SourceDate "2022.10.05"]
[SourceVersion "1"]
[SourceVersionDate "2022.10.05"]
[SourceQuality "1"]
[WhiteTeam "Schwerin"]
[BlackTeam "Hamburg Koenigsspringer"]
[WhiteTeamCountry "GER"]
[BlackTeamCountry "GER"]

1. e4 e6 2. Nc3 d5 3. Nf3 d4 4. Ne2 c5 5. c3 Nf6 6. cxd4 cxd4 7. Nexd4 Nxe4 8. Bd3 Nf6 9. b3 Bc5 10. Qc2 Bxd4 11. Nxd4 0-0 12. Nb5 Nc6 13. Ba3 a6 14. Bxf8 axb5 15. Bc5 b6 16. Be4 Bb7 17. Bxc6 Bxc6 18. Be7 Qd5 19. Bxf6 gxf6 20. 0-0-0 Rc8 21. Kb1 Bb7 22. Qb2 Qd3+ 23. Ka1 Rc2 24. Qxf6 Bd5 25. Qd8+ Kg7 26. Qg5+ Kh8 27. Qd8+ 1/2-1/2

[Event "Hamburg-ch MA"]
[Site "Hamburg"]
[Date "2017.06.10"]
[Round "8"]
[White "Reddmann, Hauke"]
[Black "Raider, Eugen"]
[Result "1-0"]
[WhiteElo "2216"]
[BlackElo "1998"]
[PlyCount "79"]
[EventDate "2017.06.03"]
[EventType "swiss"]
[EventRounds "9"]
[EventCountry "GER"]
[SourceTitle "CBM 179 Extra"]
[Source "ChessBase"]
[SourceDate "2017.08.23"]
[SourceVersion "1"]
[SourceVersionDate "2017.08.23"]
[SourceQuality "1"]

1. d4 Nf6 2. Bg5 Ne4 3. Bf4 e6 4. Nd2 f5 5. e3 Nc6 6. c3 b6 7. Nxe4 fxe4 8. Qc2 d5 9. f3 exf3 10. Nxf3 Bd6 11. Bd3 Bxf4 12. exf4 Qf6 13. Bxh7 Ne7 14. Bd3 Qxf4 15. 0-0 e5 16. dxe5 Bg4 17. Bb5+ Kd8 18. h3 a6 19. Bd3 Qe3+ 20. Kh2 Qf4+ 21. Kg1 Qe3+ 22. Qf2 Qxd3 23. hxg4 Kc8 24. Qd4 Qh7 25. c4 Kb7 26. cxd5 Raf8 27. Rad1 Ng6 28. d6 Nf4 29. Kf2 Nxg2 30. dxc7 Nf4 31. Rh1 Qc2+ 32. Rd2 Nd3+ 33. Qxd3 Qxd3 34. Rxd3 Rxh1 35. Rd8 Rxf3+ 36. Kxf3 Kxc7 37. Rg8 Rf1+ 38. Ke4 Rf7 39. Kd5 Re7 40. e6 1-0

[Event "Hamburg-ch MA"]
[Site "Hamburg"]
[Date "2017.06.05"]
[Round "3"]
[White "Buchholz, Robert"]
[Black "Raider, Eugen"]
[Result "1-0"]
[WhiteElo "1995"]
[BlackElo "1998"]
[PlyCount "49"]
[EventDate "2017.06.03"]
[EventType "swiss"]
[EventRounds "9"]
[EventCountry "GER"]
[SourceTitle "CBM 179 Extra"]
[Source "ChessBase"]
[SourceDate "2017.08.23"]
[SourceVersion "1"]
[SourceVersionDate "2017.08.23"]
[SourceQuality "1"]

1. d4 Nc6 2. Nf3 d5 3. Bf4 Be6 4. e3 f6 5. c4 dxc4 6. Qa4 a6 7. Nc3 b5 8. Qc2 Nb4 9. Qd2 Bf7 10. Rd1 Nd5 11. g4 Nxc3 12. bxc3 Bd5 13. Bg2 Qd7 14. h3 Qc6 15. Qe2 e6 16. e4 Bxe4 17. Ne5 fxe5 18. Bxe4 Qb6 19. Bxa8 exf4 20. d5 e5 21. Qxe5+ Kd8 22. Bc6 Nf6 23. g5 Bd6 24. Qf5 Re8+ 25. Bxe8 1-0

[Event "Hamburg-ch"]
[Site "Hamburg"]
[Date "2016.05.22"]
[Round "9"]
[White "Raider, Eugen"]
[Black "Baberz, Alexander"]
[Result "1-0"]
[WhiteElo "2054"]
[BlackElo "2057"]
[PlyCount "55"]
[EventDate "2016.05.14"]
[EventType "swiss"]
[EventRounds "9"]
[EventCountry "GER"]
[SourceTitle "EXT 2018"]
[Source "ChessBase"]
[SourceDate "2017.10.13"]
[SourceVersion "1"]
[SourceVersionDate "2017.10.13"]
[SourceQuality "1"]

1. e4 c5 2. a3 e6 3. b4 cxb4 4. axb4 Bxb4 5. Bb2 Nf6 6. e5 Nd5 7. c4 Nf4 8. g3 Ng6 9. h4 Nc6 10. h5 Ngxe5 11. f4 Qb6 12. Bc3 Bc5 13. Nh3 Nxc4 14. Bxc4 d5 15. Bxg7 Rg8 16. h6 dxc4 17. Nc3 Nd4 18. Ne4 Qc6 19. Nhg5 Be7 20. Qh5 Bxg5 21. Nxg5 Qd7 22. Nxh7 Nc2+ 23. Kd1 Qd3 24. Qb5+ Bd7 25. Nf6+ Kd8 26. Qxd7+ Qxd7 27. Nxd7 Kxd7 28. Kxc2 1-0

[Event "Hamburg-ch"]
[Site "Hamburg"]
[Date "2016.05.19"]
[Round "6"]
[White "Emami, Madjid"]
[Black "Raider, Eugen"]
[Result "1/2-1/2"]
[WhiteElo "1976"]
[BlackElo "2054"]
[PlyCount "57"]
[EventDate "2016.05.14"]
[EventType "swiss"]
[EventRounds "9"]
[EventCountry "GER"]
[SourceTitle "EXT 2018"]
[Source "ChessBase"]
[SourceDate "2017.10.13"]
[SourceVersion "1"]
[SourceVersionDate "2017.10.13"]
[SourceQuality "1"]

1. Nf3 h6 2. b3 d6 3. Bb2 e5 4. d3 f5 5. Nbd2 g5 6. h3 Nf6 7. e4 f4 8. d4 exd4 9. Nxd4 c5 10. N4f3 a6 11. e5 dxe5 12. Nxe5 Bf5 13. Bc4 Rh7 14. 0-0 b5 15. Re1 Be7 16. Be2 Kf8 17. Bf3 Ra7 18. c4 h5 19. Qe2 Qb6 20. Ne4 Bxe4 21. Bxe4 Rg7 22. Rad1 Nbd7 23. Nxd7+ Nxd7 24. Bxg7+ Kxg7 25. Qxh5 Qf6 26. Qh7+ Kf8 27. Bd5 Ke8 28. Qg8+ Nf8 29. Re6 1/2-1/2

[Event "Hamburg HSK Christmas op 1st"]
[Site "Hamburg"]
[Date "2015.12.28"]
[Round "3"]
[White "Raider, Eugen"]
[Black "Zippert, Georg"]
[Result "1-0"]
[WhiteElo "2030"]
[BlackElo "1840"]
[PlyCount "63"]
[EventDate "2015.12.27"]
[EventType "swiss"]
[EventRounds "7"]
[EventCountry "GER"]
[SourceTitle "EXT 2022"]
[Source "ChessBase"]
[SourceDate "2021.10.06"]
[SourceVersion "1"]
[SourceVersionDate "2021.10.06"]
[SourceQuality "1"]

1. e4 e5 2. f4 d6 3. Nf3 Nc6 4. Bc4 Bg4 5. d3 Na5 6. b3 Nxc4 7. bxc4 c6 8. h3 Bxf3 9. Qxf3 g6 10. 0-0 f6 11. Nc3 Bg7 12. Rb1 Qc7 13. h4 Rd8 14. g4 Rd7 15. Ne2 Rf7 16. d4 Qd7 17. fxe5 dxe5 18. dxe5 b6 19. c5 fxe5 20. Qxf7+ Qxf7 21. Rxf7 Kxf7 22. cxb6 axb6 23. Rxb6 Ne7 24. a4 Ra8 25. Nc3 Bf8 26. g5 Ke8 27. Rb7 Ra5 28. Ba3 Nd5 29. exd5 Bxa3 30. dxc6 Rc5 31. Nb5 Bc1 32. Nc7+ 1-0

[Event "Hamburg HSK Christmas op 1st"]
[Site "Hamburg"]
[Date "2015.12.28"]
[Round "4"]
[White "Reddmann, Hauke"]
[Black "Raider, Eugen"]
[Result "1/2-1/2"]
[WhiteElo "2247"]
[BlackElo "2030"]
[PlyCount "90"]
[EventDate "2015.12.27"]
[EventType "swiss"]
[EventRounds "7"]
[EventCountry "GER"]
[SourceTitle "EXT 2022"]
[Source "ChessBase"]
[SourceDate "2021.10.06"]
[SourceVersion "1"]
[SourceVersionDate "2021.10.06"]
[SourceQuality "1"]

1. d4 Nf6 2. Bg5 Ne4 3. Bf4 e6 4. Nd2 f5 5. Nxe4 fxe4 6. f3 c5 7. d5 Qf6 8. e3 Qxb2 9. fxe4 Qb4+ 10. Qd2 Qxe4 11. dxe6 Qxe6 12. Nf3 Be7 13. Rd1 Nc6 14. Qc3 Qf6 15. Qb3 h6 16. Bb5 d6 17. 0-0 Be6 18. Qa4 Bd7 19. Bg3 Qg6 20. Nh4 Qg5 21. Qe4 0-0-0 22. Ng6 Rhe8 23. Bh4 Bf6 24. Bxg5 Rxe4 25. Bxf6 gxf6 26. Rxf6 a6 27. Bf1 Rxe3 28. Nf4 Bg4 29. Rd2 Nd4 30. h3 Bd7 31. Rxd6 Re1 32. Nd3 Nf3+ 33. gxf3 Rxf1+ 34. Kxf1 Bxh3+ 35. Ke1 Rxd6 36. Nxc5 Rxd2 37. Kxd2 Kc7 38. Ke3 Bf5 39. c3 Kc6 40. Nb3 Bb1 41. Nd4+ Kd5 42. a3 b5 43. f4 h5 44. Nf3 Bh7 45. Nd2 Bc2 1/2-1/2

[Event "Oberliga Nord N 1516"]
[Site "Germany"]
[Date "2015.11.15"]
[Round "3.7"]
[White "Raider, Eugen"]
[Black "Westphal, Wolfgang"]
[Result "1-0"]
[WhiteElo "2016"]
[BlackElo "2156"]
[PlyCount "69"]
[EventDate "2015.09.20"]
[EventType "team-tourn"]
[EventRounds "9"]
[EventCountry "GER"]
[SourceTitle "CBM 170 Extra"]
[Source "ChessBase"]
[SourceDate "2016.02.25"]
[SourceVersion "1"]
[SourceVersionDate "2016.02.25"]
[SourceQuality "1"]
[WhiteTeam "Hamburg Koenigsspringer"]
[BlackTeam "Schwerin"]
[WhiteTeamCountry "GER"]
[BlackTeamCountry "GER"]

1. e4 c5 2. b4 e5 3. f4 Qh4+ 4. g3 Qe7 5. Nc3 exf4 6. bxc5 fxg3 7. hxg3 Nf6 8. Nf3 Nxe4 9. Nxe4 Qxe4+ 10. Kf2 Bxc5+ 11. d4 Bb6 12. Rh4 Qe7 13. Bg5 f6 14. Qd3 d5 15. Re1 Be6 16. Bh3 fxg5 17. Rxh7 Rxh7 18. Qxh7 Qf8 19. Qg6+ Kd8 20. Qxe6 Kc7 21. Qe5+ Qd6 22. Qxg7+ Nd7 23. Bxd7 Rf8 24. Bg4+ Kb8 25. Re6 Qd8 26. Kg2 Rg8 27. Qe5+ Ka8 28. c3 a6 29. Rd6 Qc7 30. Qxd5 Rb8 31. c4 Ka7 32. c5 Ba5 33. Rd7 Qc8 34. Ne5 Ka8 35. Rd6 1-0

[Event "Hamburg-ch MA"]
[Site "Hamburg"]
[Date "2015.05.27"]
[Round "5"]
[White "Raider, Eugen"]
[Black "Jacoby, Gisbert"]
[Result "0-1"]
[WhiteElo "1976"]
[BlackElo "2137"]
[PlyCount "88"]
[EventDate "2015.05.23"]
[EventType "swiss"]
[EventRounds "9"]
[EventCountry "GER"]
[SourceTitle "EXT 2022"]
[Source "ChessBase"]
[SourceDate "2021.10.06"]
[SourceVersion "1"]
[SourceVersionDate "2021.10.06"]
[SourceQuality "1"]

1. e4 e5 2. a3 Nf6 3. Nc3 Bc5 4. Nf3 d6 5. Be2 0-0 6. d4 exd4 7. Nxd4 Re8 8. Bg5 h6 9. Bh4 g5 10. Bg3 Nxe4 11. Nxe4 Rxe4 12. Nb3 Bb6 13. 0-0 Nc6 14. Kh1 Nd4 15. Bd3 Nxb3 16. Bxe4 Nxa1 17. f4 g4 18. f5 Qf6 19. Qxg4+ Qg5 20. Qh3 Qe3 21. Re1 Qd2 22. Bd5 Bd7 23. Qg4+ Qg5 24. Qc4 Rf8 25. Bh4 Bb5 26. Qe4 Qh5 27. Be7 c6 28. g4 cxd5 29. Qf3 Bc6 30. gxh5 d4 31. Qxc6 bxc6 32. Rg1+ Kh7 33. Bxf8 Nxc2 34. f6 Ne3 35. Rg7+ Kh8 36. Bxd6 Nf5 37. Rxf7 Nxd6 38. Rd7 Nf5 39. Re7 Kg8 40. Re5 Ne3 41. Re8+ Kf7 42. Re7+ Kxf6 43. Rh7 d3 44. Rxh6+ Kf5 0-1

[Event "Hamburg-ch MA"]
[Site "Hamburg"]
[Date "2015.05.25"]
[Round "3"]
[White "Raider, Eugen"]
[Black "Emami, Madjid"]
[Result "1-0"]
[WhiteElo "1976"]
[BlackElo "2045"]
[PlyCount "59"]
[EventDate "2015.05.23"]
[EventType "swiss"]
[EventRounds "9"]
[EventCountry "GER"]
[SourceTitle "EXT 2022"]
[Source "ChessBase"]
[SourceDate "2021.10.06"]
[SourceVersion "1"]
[SourceVersionDate "2021.10.06"]
[SourceQuality "1"]

1. e4 d6 2. d4 Nf6 3. f3 g6 4. g4 c5 5. c3 Qc7 6. b4 Bg7 7. Be3 cxb4 8. cxb4 0-0 9. h4 Nc6 10. b5 Na5 11. Qd2 Bd7 12. Nc3 Nc4 13. Bxc4 Qxc4 14. a4 Rae8 15. Nge2 e6 16. h5 a6 17. b6 Bc6 18. h6 Bh8 19. 0-0 d5 20. g5 Nd7 21. Rfc1 Qb4 22. Nxd5 Qd6 23. Bf4 e5 24. dxe5 Bxe5 25. Nf6+ Nxf6 26. Qxd6 Bxd6 27. Bxd6 Rd8 28. Bc7 Rd2 29. gxf6 Rxe2 30. Rxc6 1-0

[Event "Hamburg-ch MA"]
[Site "Hamburg"]
[Date "2015.05.24"]
[Round "2"]
[White "Bente, Bjoern"]
[Black "Raider, Eugen"]
[Result "1-0"]
[WhiteElo "2242"]
[BlackElo "1976"]
[PlyCount "59"]
[EventDate "2015.05.23"]
[EventType "swiss"]
[EventRounds "9"]
[EventCountry "GER"]
[SourceTitle "EXT 2022"]
[Source "ChessBase"]
[SourceDate "2021.10.06"]
[SourceVersion "1"]
[SourceVersionDate "2021.10.06"]
[SourceQuality "1"]

1. e4 c5 2. Nf3 Nc6 3. d4 cxd4 4. c3 dxc3 5. Nxc3 e6 6. Bc4 Qc7 7. 0-0 Nf6 8. Nb5 Qb8 9. e5 Ng4 10. Bf4 a6 11. Nd6+ Bxd6 12. exd6 h6 13. Nd4 Nge5 14. Nxc6 Nxc6 15. Qg4 g5 16. Bg3 Qa7 17. Rfd1 b5 18. Bb3 Bb7 19. Rac1 0-0-0 20. Be5 h5 21. Qe2 Kb8 22. Bxh8 Rxh8 23. Qd2 Rg8 24. Qd3 Rg7 25. Qc3 e5 26. Bd5 f6 27. Qf3 Rg6 28. Bxc6 Bxc6 29. Rxc6 dxc6 30. d7 1-0

[Event "Hamburg-ch MA"]
[Site "Hamburg"]
[Date "2015.05.23"]
[Round "1"]
[White "Raider, Eugen"]
[Black "Groetzbach, Julian"]
[Result "0-1"]
[WhiteElo "1976"]
[BlackElo "2169"]
[PlyCount "78"]
[EventDate "2015.05.23"]
[EventType "swiss"]
[EventRounds "9"]
[EventCountry "GER"]
[SourceTitle "EXT 2022"]
[Source "ChessBase"]
[SourceDate "2021.10.06"]
[SourceVersion "1"]
[SourceVersionDate "2021.10.06"]
[SourceQuality "1"]

1. e4 c5 2. b4 cxb4 3. Bb2 Nf6 4. e5 Nd5 5. a3 e6 6. axb4 Bxb4 7. c4 Ne7 8. Na3 0-0 9. Nc2 Nbc6 10. Bd3 Bc5 11. Qh5 Ng6 12. Nf3 Qb6 13. 0-0 h6 14. g3 d6 15. Rab1 Qc7 16. exd6 Bxd6 17. c5 Be5 18. Ba3 Bd7 19. Rfe1 Rad8 20. Be4 Bf6 21. d4 Qc8 22. Ne3 Be8 23. d5 exd5 24. Nxd5 Be5 25. Nxe5 Ngxe5 26. Qxe5 Nxe5 27. Ne7+ Kh8 28. Nxc8 Nc4 29. c6 Nxa3 30. cxb7 Nxb1 31. Bxb1 Bc6 32. b8Q Rxc8 33. Qxa7 Bd5 34. Qd4 Rcd8 35. Rd1 Rfe8 36. Ba2 Bxa2 37. Qxd8 Rxd8 38. Rxd8+ Kh7 39. h4 h5 0-1

[Event "Hamburg-chT Landesliga 1415"]
[Site "Hamburg"]
[Date "2015.04.19"]
[Round "9.6"]
[White "Rieling, Thomas"]
[Black "Raider, Eugen"]
[Result "1-0"]
[WhiteElo "1998"]
[BlackElo "2070"]
[PlyCount "127"]
[EventDate "2014.09.21"]
[EventType "team-tourn"]
[EventRounds "9"]
[EventCountry "GER"]
[SourceTitle "EXT 2022"]
[Source "ChessBase"]
[SourceDate "2021.10.06"]
[SourceVersion "1"]
[SourceVersionDate "2021.10.06"]
[SourceQuality "1"]
[WhiteTeam "Hamburg Diogenes II"]
[BlackTeam "Hamburg Koenigsspringer II"]
[WhiteTeamCountry "GER"]
[BlackTeamCountry "GER"]

1. e4 c5 2. Nc3 e6 3. g3 a6 4. Bg2 b5 5. a3 d6 6. d3 g5 7. Qh5 h6 8. e5 Ra7 9. h4 Nd7 10. Bxg5 Qa5 11. Bd2 Nxe5 12. Ne4 Qc7 13. f4 Nc6 14. Bc3 Nd4 15. Ne2 Nxc2+ 16. Kd2 Nxa1 17. Rxa1 Rh7 18. Qg4 f5 19. Qxg8 fxe4 20. Bxe4 Rg7 21. Bg6+ Rxg6 22. Qxg6+ Qf7 23. h5 a5 24. g4 d5 25. Qxf7+ Kxf7 26. Be5 Bg7 27. Rc1 c4 28. d4 b4 29. Ra1 c3+ 30. bxc3 b3 31. Kc1 Bf8 32. Kb2 Ba6 33. Re1 Rb7 34. Ng1 Bd3 35. Nf3 a4 36. Nd2 Be7 37. Rg1 Be2 38. Rg2 Bd1 39. Rg1 Be2 40. Rh1 Bxg4 41. Rh2 Rb6 42. Nf1 Bf8 43. Ne3 Bxh5 44. Rxh5 Bxa3+ 45. Kxa3 b2 46. Rh1 b1Q 47. Rxb1 Rxb1 48. Kxa4 Kg6 49. f5+ Kf7 50. f6 h5 51. c4 Re1 52. Ng2 Ra1+ 53. Kb3 dxc4+ 54. Kxc4 Rg1 55. Nh4 Rh1 56. Nf3 Kg6 57. Kc5 Rh3 58. Nd2 h4 59. Kd6 Rd3 60. Ne4 Re3 61. Kxe6 h3 62. f7 Rf3 63. Nf6 Kg7 64. Ke7 1-0

[Event "Hamburg-chT Landesliga 1415"]
[Site "Hamburg"]
[Date "2015.04.18"]
[Round "8.6"]
[White "Raider, Eugen"]
[Black "Diekmann, Jens"]
[Result "0-1"]
[WhiteElo "2070"]
[BlackElo "1974"]
[PlyCount "100"]
[EventDate "2014.09.21"]
[EventType "team-tourn"]
[EventRounds "9"]
[EventCountry "GER"]
[SourceTitle "EXT 2022"]
[Source "ChessBase"]
[SourceDate "2021.10.06"]
[SourceVersion "1"]
[SourceVersionDate "2021.10.06"]
[SourceQuality "1"]
[WhiteTeam "Hamburg Koenigsspringer II"]
[BlackTeam "Marmstorf"]
[WhiteTeamCountry "GER"]
[BlackTeamCountry "GER"]

1. e4 c5 2. b4 cxb4 3. Bb2 d5 4. exd5 Qxd5 5. d4 Bf5 6. c4 Qe4+ 7. Be2 e6 8. Nd2 Qc2 9. Qxc2 Bxc2 10. Bf3 Nc6 11. d5 exd5 12. cxd5 Na5 13. Ne2 Nf6 14. 0-0 Bd6 15. Nd4 Bd3 16. Rfe1+ Kd7 17. Re3 Bg6 18. Rae1 Rhe8 19. Bd1 b3 20. Bc3 Rxe3 21. fxe3 Bc7 22. N4xb3 Nxb3 23. Bxb3 b5 24. a4 a6 25. h3 Ne8 26. g4 f6 27. e4 Bb6+ 28. Kg2 Rc8 29. a5 Rxc3 30. axb6 Nd6 31. Bd1 Rd3 32. Re2 Nxe4 33. Nxe4 Bxe4+ 34. Rxe4 Rxd1 35. Re7+ Kc8 36. Rxg7 Rxd5 37. Kf3 Rd7 38. Rg8+ Kb7 39. Rf8 Rd6 40. Rf7+ Kxb6 41. Rxh7 b4 42. h4 b3 43. Re7 Kc5 44. h5 b2 45. Re1 Rb6 46. Rb1 Kc4 47. Kf4 Kc3 48. Kf5 a5 49. h6 a4 50. h7 Rb8 0-1

[Event "Hamburg-chT Landesliga 1314"]
[Site "Hamburg"]
[Date "2014.04.13"]
[Round "9.8"]
[White "Spindel, Ulrich"]
[Black "Raider, Eugen"]
[Result "1-0"]
[WhiteElo "2091"]
[BlackElo "1928"]
[PlyCount "81"]
[EventDate "2013.10.13"]
[EventType "team-tourn"]
[EventRounds "9"]
[EventCountry "GER"]
[SourceTitle "EXT 2022"]
[Source "ChessBase"]
[SourceDate "2021.10.06"]
[SourceVersion "1"]
[SourceVersionDate "2021.10.06"]
[SourceQuality "1"]
[WhiteTeam "Grosshansdorf"]
[BlackTeam "Hamburg Koenigsspringer II"]
[WhiteTeamCountry "GER"]
[BlackTeamCountry "GER"]

1. d4 Nf6 2. c4 e5 3. dxe5 Ne4 4. Nf3 Bb4+ 5. Bd2 Nxd2 6. Nbxd2 Nc6 7. e3 Qe7 8. Be2 b6 9. 0-0 Bxd2 10. Qxd2 Bb7 11. Rfd1 0-0-0 12. Qc3 g5 13. a3 g4 14. Ne1 Nxe5 15. b4 Rhg8 16. g3 Rg5 17. Qd4 f5 18. c5 Qf6 19. cxb6 Qc6 20. e4 fxe4 21. bxc7 Qxc7 22. Rac1 Nc6 23. Qe3 Rdg8 24. b5 h5 25. bxc6 dxc6 26. Ng2 c5 27. Qf4 Qc6 28. Qd6 Qe8 29. Rxc5+ Rxc5 30. Qxc5+ Kb8 31. Ne3 h4 32. Qd6+ Ka8 33. Qd7 Qf8 34. Bc4 hxg3 35. hxg3 Qxa3 36. Rb1 Rb8 37. Be6 Qd3 38. Qxd3 exd3 39. Bd5 Bxd5 40. Rxb8+ Kxb8 41. Nxd5 1-0

[Event "Pinneberg-ch"]
[Site "Pinneberg"]
[Date "2013.08.29"]
[Round "4"]
[White "Schroeter, Baldur"]
[Black "Raider, Eugen"]
[Result "1/2-1/2"]
[WhiteElo "2049"]
[BlackElo "1923"]
[PlyCount "94"]
[EventDate "2013.08.08"]
[EventType "swiss"]
[EventRounds "7"]
[EventCountry "GER"]
[SourceTitle "EXT 2017"]
[Source "ChessBase"]
[SourceDate "2016.10.25"]
[SourceVersion "1"]
[SourceVersionDate "2016.10.25"]
[SourceQuality "1"]

1. e4 c5 2. Nf3 Nc6 3. c3 d5 4. exd5 Qxd5 5. d4 e5 6. dxe5 Qxd1+ 7. Kxd1 Bg4 8. Bf4 0-0-0+ 9. Nbd2 Nge7 10. Kc1 Ng6 11. Bg3 h5 12. h3 Bf5 13. Bb5 h4 14. Bxc6 bxc6 15. Bh2 f6 16. Nc4 Be6 17. b3 fxe5 18. Nfxe5 Nxe5 19. Bxe5 Rh5 20. f4 Bxc4 21. bxc4 Bd6 22. Bxd6 Rxd6 23. Re1 Rf5 24. Re4 Rg6 25. Rb1 Rxg2 26. Rb2 Rg3 27. Rd2 Rf7 28. Rh2 Rxc3+ 29. Kd2 Rf3 30. f5 Rd7+ 31. Kc2 Rd4 32. Rhe2 Rxh3 33. Re8+ Rd8 34. R2e7 Rg3 35. Rxd8+ Kxd8 36. Rxa7 h3 37. Ra8+ Ke7 38. Rh8 Rg2+ 39. Kb3 Rh2 40. a4 Rh1 41. a5 Ra1 42. Rxh3 Rxa5 43. Rg3 Kf6 44. Rg6+ Kxf5 45. Rxg7 Ke6 46. Rg6+ Kd7 47. Rg7+ Kd6 1/2-1/2

[Event "Pinneberg-ch"]
[Site "Pinneberg"]
[Date "2013.08.22"]
[Round "3"]
[White "Raider, Eugen"]
[Black "Hawranke, Dietrich"]
[Result "1-0"]
[WhiteElo "1923"]
[BlackElo "2150"]
[PlyCount "65"]
[EventDate "2013.08.08"]
[EventType "swiss"]
[EventRounds "7"]
[EventCountry "GER"]
[SourceTitle "EXT 2017"]
[Source "ChessBase"]
[SourceDate "2016.10.25"]
[SourceVersion "1"]
[SourceVersionDate "2016.10.25"]
[SourceQuality "1"]

1. Nc3 c5 2. g4 d5 3. Bg2 d4 4. Ne4 e5 5. g5 f5 6. gxf6 Nxf6 7. d3 Be7 8. c3 Nc6 9. Qb3 Na5 10. Nxf6+ gxf6 11. Qd1 Be6 12. Bf3 Qd7 13. Bh5+ Bf7 14. Bxf7+ Kxf7 15. e4 h5 16. c4 Nc6 17. f4 Qg4 18. Nf3 Rhg8 19. f5 Qg2 20. Rf1 Rg4 21. Bd2 Nb4 22. Bxb4 cxb4 23. Qb3 Bc5 24. 0-0-0 Rf4 25. Qa4 Rd8 26. Qb5 Be7 27. Nxe5+ fxe5 28. Rg1 Qf2 29. Qxe5 Qe3+ 30. Kb1 Rg4 31. f6 Rxg1 32. Qxe7+ Kg6 33. Qg7# 1-0

[Event "Pinneberg-ch"]
[Site "Pinneberg"]
[Date "2013.08.15"]
[Round "2"]
[White "Hadlich, Winfried"]
[Black "Raider, Eugen"]
[Result "0-1"]
[WhiteElo "1960"]
[BlackElo "1923"]
[PlyCount "62"]
[EventDate "2013.08.08"]
[EventType "swiss"]
[EventRounds "7"]
[EventCountry "GER"]
[SourceTitle "EXT 2017"]
[Source "ChessBase"]
[SourceDate "2016.10.25"]
[SourceVersion "1"]
[SourceVersionDate "2016.10.25"]
[SourceQuality "1"]

1. d4 Nf6 2. Nf3 c5 3. d5 e6 4. c4 b5 5. dxe6 fxe6 6. e3 bxc4 7. Bxc4 Nc6 8. 0-0 d5 9. Bb5 Qb6 10. Qa4 Bd7 11. Nbd2 Rb8 12. Bxc6 Bxc6 13. Qc2 Bd6 14. b3 e5 15. e4 Nxe4 16. Nxe4 dxe4 17. Ng5 Bb5 18. Re1 Bd3 19. Qd1 c4 20. Nxe4 0-0 21. Be3 Qc6 22. Nxd6 Qxd6 23. bxc4 Qg6 24. f3 Rb2 25. Bf2 e4 26. Re3 Re2 27. f4 Rb2 28. Rg3 Qf6 29. Qc1 Rfb8 30. Qe3 Rxf2 31. Kxf2 Qb2+ 0-1

[Event "Norderstedt op"]
[Site "Norderstedt"]
[Date "2013.03.30"]
[Round "5"]
[White "Raider, Eugen"]
[Black "Niazi, Dariyusch"]
[Result "1-0"]
[WhiteElo "1895"]
[BlackElo "1782"]
[PlyCount "35"]
[EventDate "2013.03.28"]
[EventType "swiss"]
[EventRounds "9"]
[EventCountry "GER"]
[SourceTitle "EXT 2015"]
[Source "ChessBase"]
[SourceDate "2014.11.20"]
[SourceVersion "1"]
[SourceVersionDate "2014.11.20"]
[SourceQuality "1"]

1. e4 c6 2. d4 d5 3. f3 dxe4 4. fxe4 e5 5. Nf3 Bg4 6. Bc4 Bxf3 7. Qxf3 Qf6 8. Qh3 Qd8 9. Qf5 Qd7 10. Bxf7+ Kd8 11. Be6 Qe8 12. 0-0 Be7 13. Qxe5 Bf6 14. Qd6+ Nd7 15. e5 Be7 16. Bg5 Bxg5 17. Rf8 Qxf8 18. Qxd7# 1-0

[Event "Norderstedt op"]
[Site "Norderstedt"]
[Date "2013.03.29"]
[Round "3"]
[White "Adelberger, Georg"]
[Black "Raider, Eugen"]
[Result "0-1"]
[WhiteElo "1797"]
[BlackElo "1895"]
[PlyCount "102"]
[EventDate "2013.03.28"]
[EventType "swiss"]
[EventRounds "9"]
[EventCountry "GER"]
[SourceTitle "EXT 2015"]
[Source "ChessBase"]
[SourceDate "2014.11.20"]
[SourceVersion "1"]
[SourceVersionDate "2014.11.20"]
[SourceQuality "1"]

1. d4 Nf6 2. c4 c5 3. d5 b5 4. Nc3 b4 5. Nb1 d6 6. Qc2 g6 7. e4 Bg7 8. Bd3 0-0 9. Ne2 a5 10. Nd2 Ng4 11. 0-0 Ne5 12. Rb1 a4 13. f4 Nxd3 14. Qxd3 e6 15. Nf3 Qc7 16. Ng3 exd5 17. exd5 Nd7 18. h3 Nf6 19. f5 Nh5 20. Nh4 Bd4+ 21. Kh1 Qe7 22. f6 Bxf6 23. Nxh5 Bxh4 24. Ng3 Bf6 25. Bh6 Re8 26. Qd2 Be5 27. Rbe1 f5 28. Bg5 Qd7 29. Bf4 Bxf4 30. Qxf4 Ba6 31. b3 a3 32. Qg5 Qg7 33. Kh2 Kh8 34. Qd2 Qd7 35. Ne2 Re5 36. Nf4 Rae8 37. Ne6 Rxe1 38. Rxe1 Qe7 39. Re2 Bc8 40. Qe1 Bd7 41. Kg1 Qf6 42. Nf4 Rxe2 43. Qxe2 Qd4+ 44. Qf2 Qxf2+ 45. Kxf2 Kg7 46. Ke3 g5 47. Ne2 f4+ 48. Kf3 Bf5 49. h4 Bc2 50. hxg5 Bxb3 51. Kxf4 Bxa2 0-1

[Event "GER-chT U20"]
[Site "Osnabrueck"]
[Date "2012.12.30"]
[Round "7.4"]
[White "Thren, Christian"]
[Black "Raider, Eugen"]
[Result "0-1"]
[WhiteElo "1530"]
[BlackElo "1958"]
[PlyCount "70"]
[EventDate "2012.12.27"]
[EventType "team-swiss"]
[EventRounds "7"]
[EventCountry "GER"]
[SourceTitle "EXT 2014"]
[Source "ChessBase"]
[SourceDate "2013.11.20"]
[SourceVersion "1"]
[SourceVersionDate "2013.11.20"]
[SourceQuality "1"]
[WhiteTeam "Heilbronn"]
[BlackTeam "Hamburg Koenigsspringer"]
[WhiteTeamCountry "GER"]
[BlackTeamCountry "GER"]

1. c4 c5 2. Nc3 g6 3. g3 Bg7 4. Bg2 Nc6 5. Nf3 a6 6. a3 Rb8 7. d3 e5 8. 0-0 Nge7 9. e4 0-0 10. b3 f5 11. Bb2 d6 12. Nd2 f4 13. g4 f3 14. Bxf3 Nd4 15. Bg2 Bh6 16. Bc1 Ne6 17. Nf3 Bxc1 18. Rxc1 Nf4 19. h3 h5 20. Nh2 hxg4 21. Nxg4 Kg7 22. Ne2 Bxg4 23. hxg4 Nc6 24. Rb1 Qh4 25. f3 Nd4 26. Nxf4 Rxf4 27. Qe1 Qh6 28. Qa5 Rh8 29. Rb2 Qh2+ 30. Kf2 Rxf3+ 31. Ke1 Rxf1+ 32. Kxf1 Rf8+ 33. Ke1 Qg1+ 34. Kd2 Rf2+ 35. Ke3 Rc2# 0-1